| 000 | 00844cab a22001935a 4500 | ||
|---|---|---|---|
| 001 | L153954 | ||
| 008 | 110927e20110917xxk 000 0 eng d | ||
| 035 | _a(Sirsi) u153954 | ||
| 041 | 0 | _aeng | |
| 100 | 1 | _aJervis, Mike | |
| 245 | 0 | 4 | _aThe five commandments |
| 260 | _c2011 | ||
| 490 |
_aEstates Gazette _v(1137) 17 September 2011, 102-103(2) |
||
| 520 | _aLandlords should be aware of the correct rules to follow when dealing with insolvent tenants given that there is an increase in retail insolvencies of 9% in the second quarter of 2011 compared with the same quarter in 2010. Recommends that parties should engage with each other in a controlled environment early in the process to maximise the chances of a successful outcome. | ||
| 590 | _aKA | ||
| 651 | 4 |
_aUnited Kingdom _y |
|
| 690 | _aPROPERTY-LEASEHOLD PROPERTY | ||
| 942 | _n0 | ||
| 999 |
_c83426 _d83426 |
||